000 01034nam a2200265 a 4500
003 MX-MxUPN
005 20260418064117.0
007 cr |||aaaaaaa|
008 260413s2023 ck|a||||o ||| 000 0 spa d
020 _a9786287518964
040 _aMX-MxUPN
_bspa
_eaacr2
041 0 _aspa
050 1 4 _aLB1028.5
100 1 _aBayardo Sanabria Rodríguez, Luis,
_d1958-
_959244
245 1 0 _aModelación de procesos de aprendizaje en escenarios computacionales :
_bestrategias para una pedagogía con incorporación de tecnologías digitales
_h[recurso electrónico en línea]
250 _aPrimera edición
260 _aBogotá, Colombia :
_bUniversidad Pedagógica Nacional,
_c2023
300 _a1 recurso en línea (220 páginas) :
_bilustraciones, PDF
506 0 _aAcceso abierto
650 4 _aEnseñanza asistida por computadora
_94965
650 4 _aTecnología de la información
_xEstudio y enseñanza
_945822
856 4 0 _uhttp://hdl.handle.net/20.500.12209/18426
902 _aJohanaAllegre/130426
942 _2lcc
_cLIBRO-E
999 _c214930
_d214930